000 00274nam a22001217a 4500
008 171023b xxu||||| |||| 00| 0 eng d
041 _aeng
080 _a311
100 _a55
101 _asta
245 _aINTRODUCTION TO APPLIED STATISTICS
_cLENTNER, M
942 _2udc
_cBK
999 _c35563
_d35563